Encuentro internacional : (Record no. 20576)
[ view plain ]
| 000 -CABECERA | |
|---|---|
| campo de control de longitud fija | 01000nam a22002657a 4500 |
| 001 - NÚMERO DE CONTROL | |
| campo de control | 000000016 |
| 003 - IDENTIFICADOR DEL NÚMERO DE CONTROL | |
| campo de control | OSt |
| 005 - FECHA Y HORA DE LA ÚLTIMA TRANSACCIÓN | |
| campo de control | 20260601171013.0 |
| 008 - DATOS DE LONGITUD FIJA--INFORMACIÓN GENERAL | |
| campo de control de longitud fija | 260424b2006\\\\spa\||||\||||\00|\0\spa\d |
| 020 ## - NÚMERO INTERNACIONAL ESTÁNDAR DEL LIBRO | |
| Número Internacional Estándar del Libro | 9872167079 |
| 020 ## - NÚMERO INTERNACIONAL ESTÁNDAR DEL LIBRO | |
| Número Internacional Estándar del Libro | 9789872167073 |
| 040 ## - FUENTE DE LA CATALOGACIÓN | |
| Centro catalogador/agencia de origen | ICI |
| Lengua de catalogación | spa |
| Centro/agencia transcriptor | ICI |
| 050 ## - SIGNATURA TOPOGRÁFICA DE LA BIBLIOTECA DEL CONGRESO | |
| Número de clasificación | HD9999.D44 |
| Número de documento/Ítem | E53 2006 |
| 111 ## - ENTRADA PRINCIPAL--NOMBRE DE CONGRESO/REUNIÓN | |
| Nombre de congreso/reunión o jurisdicción como elemento de entrada | Encuentro Internacional de Diseño y Comercialización |
| 9 (RLIN) | 33415 |
| 245 ## - MENCIÓN DE TÍTULO | |
| Título | Encuentro internacional : |
| Resto del título | diseño y comercialización / |
| Mención de responsabilidad, etc. | [Encuentro Internacional de Diseño y Comercialización] |
| 300 ## - DESCRIPCIÓN FÍSICA | |
| Extensión | 179 páginas |
| Otras características físicas | Sin ilustraciones |
| Dimensiones | 24 cm |
| 500 ## - NOTA GENERAL | |
| Nota general | Memorias de congreso sobre diseño y estrategias de comercialización |
| 650 ## - PUNTO DE ACCESO ADICIONAL DE MATERIA--TÉRMINO DE MATERIA | |
| Término de materia o nombre geográfico como elemento de entrada | Diseño industrial |
| Subdivisión de forma | Congresos |
| 9 (RLIN) | 33416 |
| 650 ## - PUNTO DE ACCESO ADICIONAL DE MATERIA--TÉRMINO DE MATERIA | |
| Término de materia o nombre geográfico como elemento de entrada | Comercialización |
| Subdivisión de forma | Congresos |
| 9 (RLIN) | 33417 |
| 650 ## - PUNTO DE ACCESO ADICIONAL DE MATERIA--TÉRMINO DE MATERIA | |
| Término de materia o nombre geográfico como elemento de entrada | Diseño |
| Subdivisión de forma | Congresos |
| Subdivisión general | Aspectos económicos |
| 9 (RLIN) | 33418 |
| 650 ## - PUNTO DE ACCESO ADICIONAL DE MATERIA--TÉRMINO DE MATERIA | |
| Término de materia o nombre geográfico como elemento de entrada | Innovación |
| Subdivisión de forma | Congresos |
| 9 (RLIN) | 33419 |
| 650 ## - PUNTO DE ACCESO ADICIONAL DE MATERIA--TÉRMINO DE MATERIA | |
| Término de materia o nombre geográfico como elemento de entrada | Desarrollo de productos |
| Subdivisión de forma | Congresos |
| 9 (RLIN) | 33420 |
| 655 ## - TÉRMINO DE INDIZACIÓN--GÉNERO/FORMA | |
| Fuente del término | local |
| Datos o término principal de género/forma | Memorias de congresos |
| 9 (RLIN) | 33421 |
| 942 ## - ELEMENTOS DE PUNTO DE ACCESO ADICIONAL (KOHA) | |
| Fuente del sistema de clasificación o colocación | Library of Congress Classification |
| Tipo de ítem Koha | Libros |
| Suprimir en OPAC | 1 |
No items available.